| Tag |
First Indicator |
Second Indicator |
Subfields |
| LEADER |
00000cam a2200000Ia 4500 |
| 001 |
in00002781113 |
| 005 |
20150922113630.0 |
| 008 |
120828s2002 enkae 000 0 eng d |
| 035 |
|
|
|a (OCoLC)ocn808501271
|
| 035 |
|
|
|a (OCoLC)808501271
|
| 040 |
|
|
|a TXA
|c TXA
|d UtOrBLW
|
| 041 |
0 |
|
|a eng
|b fre
|b ger
|b ita
|b spa
|b jpn
|
| 043 |
|
|
|a e-uk-en
|
| 049 |
|
|
|a TXAM
|
| 050 |
|
4 |
|a N1130
|b .A8 2002
|
| 110 |
2 |
|
|a Tate Modern (Gallery)
|
| 245 |
1 |
0 |
|a Tate Modern plan.
|
| 246 |
3 |
|
|a Plan
|
| 264 |
|
1 |
|a London :
|b Tate Modern,
|c [2002?]
|
| 300 |
|
|
|a 1 sheet :
|b color illustrations, plan ;
|c 49 x 21 cm., folded to 10 x 21 cm.
|
| 336 |
|
|
|a text
|b txt
|2 rdacontent
|
| 337 |
|
|
|a unmediated
|b n
|2 rdamedia
|
| 338 |
|
|
|a sheet
|b nb
|2 rdacarrier
|
| 546 |
|
|
|a Welcome statement also in French, German, Italian, Spanish and Japanese.
|
| 610 |
2 |
0 |
|a Tate Modern (Gallery)
|v Guidebooks.
|
| 650 |
|
0 |
|a Art
|z England
|z London
|v Guidebooks.
|
| 994 |
|
|
|a C0
|b TXA
|
| 948 |
|
|
|a cataloged
|b h
|c 2012/8/28
|d o
|e nbehmer
|f 3:08:57 pm
|
| 999 |
|
|
|a MARS
|
| 999 |
f |
f |
|s b7fc5afb-74b2-3eca-94a5-7fb5651b2bba
|i f46ce39a-52e4-3976-9d70-8040faa7f599
|t 0
|
| 952 |
f |
f |
|p noncirc
|a Texas A&M University
|b College Station
|c Cushing Memorial Library & Archives
|d Cushing: London (Does not check out)
|t 0
|e N1130 .A8 2002
|f Vertical File
|h Library of Congress classification
|i unmediated -- sheet
|
| 952 |
f |
f |
|p noncirc
|a Texas A&M University
|b College Station
|c Cushing Memorial Library & Archives
|d Cushing: London (Does not check out)
|t 0
|e N1130 .A8 2002
|f Vertical File
|h Library of Congress classification
|i unmediated -- sheet
|
| 998 |
f |
f |
|a N1130 .A8 2002
|t 0
|l Cushing: London (Does not check out)
|
| 998 |
f |
f |
|a N1130 .A8 2002
|t 0
|l Cushing: London (Does not check out)
|